[Event "9th Aeroflot Open A"]
[Site "Moscow RUS"]
[Date "2010.02.14"]
[Round "6"]
[White "Grigoriants,S RUS"]
[Black "Tregubov,P"]
[Result "1/2-1/2"]
[WhiteElo "2560"]
[BlackElo "2628"]

1.Nf3 d5 2.d4 Nf6 3.c4 e6 4.Nc3 Be7 5.Bf4 O-O 6.e3 b6 7.cxd5 Nxd5 8.Nxd5 exd5
9.Bd3 c5 10.O-O Nc6 11.Bb5 Bb7 12.Qa4 Qc8 13.dxc5 bxc5 14.Rfd1 Rd8 15.Rac1 Qe6
16.Nd4 Nxd4 17.exd4 Qb6 18.dxc5 Bxc5 19.Bg3  1/2-1/2

[Event "26th Open"]
[Site "Cappelle la Grande FRA"]
[Date "2010.02.17"]
[Round "6"]
[White "Gozzoli,Y"]
[Black "Radulski,J"]
[Result "0-1"]
[WhiteElo "2515"]
[BlackElo "2577"]

1.d4 d5 2.c4 e6 3.Nc3 Be7 4.Nf3 Nf6 5.Bf4 O-O 6.e3 c5 7.dxc5 Bxc5 8.a3 Nc6
9.Qc2 Qa5 10.Nd2 Be7 11.Bg3 Bd7 12.Be2 Rac8 13.O-O Qb6 14.b4 d4 15.c5 Qd8
16.Nce4 a6 17.Nxf6+ Bxf6 18.Ne4 e5 19.Nd6 Rc7 20.Bc4 Be7 21.f4 Bxd6 22.cxd6 Rc8
23.Qd3 e4 24.Qxe4 Re8 25.Qf3 Rxe3 26.Qh5 Qf6 27.f5 Ne5 28.Bd5 Bc6 29.Rac1 d3
30.Rfd1 Rd8 31.Bxc6 bxc6 32.Rc5 Rxd6 33.Bh4 Qh6 34.Qxh6 gxh6 35.Bf2 Re4 36.Rc3 Rd5
37.Kf1 Rc4 38.Rb3 Rc2 39.h3 h5 40.Kg1 f6 41.Kf1 Kf7 42.Ke1 d2+ 43.Ke2 Nc4  0-1

[Event "TCh-Eur Seniors"]
[Site "Dresden GER"]
[Date "2010.02.18"]
[Round "9"]
[White "Stimpel,F"]
[Black "Pamperin,G"]
[Result "1/2-1/2"]
[WhiteElo "2264"]
[BlackElo "2007"]

1.d4 d5 2.c4 e6 3.Nc3 Nf6 4.Nf3 Be7 5.Bf4 c6 6.e3 Nbd7 7.h3 b6 8.Qc2 Ba6
9.b3 O-O 10.Bd3 Rc8 11.O-O Re8 12.Rfd1 Nf8 13.e4 dxe4 14.Nxe4 Bb7 15.Qe2 Ng6
16.Bg3 Nh5 17.Qe3 Nxg3 18.Nxg3 Qc7 19.Ne5 c5 20.Nxg6 hxg6 21.dxc5 Bxc5 22.Qg5 Qe7
23.Qxe7 Rxe7 24.Be4 Ba6 25.Bf3 f5 26.Ne2 Kf7 27.h4 Kf6 28.Nc3 g5 29.hxg5+ Kxg5
30.Na4 Ba3 31.Be2 Bb7 32.Rab1 Bc6 33.Nc3 Bb4 34.Rbc1 Rd7 35.Rxd7 Bxd7 36.Nb1 Bc6
37.Rd1 Be7 38.Nd2 Rd8 39.Nf3+ Bxf3 40.Bxf3  1/2-1/2

[Event "26th Open"]
[Site "Cappelle la Grande FRA"]
[Date "2010.02.20"]
[Round "9"]
[White "Edouard,R"]
[Black "Lemos,D"]
[Result "1-0"]
[WhiteElo "2608"]
[BlackElo "2556"]

1.d4 d5 2.c4 e6 3.Nf3 Be7 4.Nc3 Nf6 5.Bf4 O-O 6.e3 Nbd7 7.c5 c6 8.h3 b6 9.b4 a5
10.a3 Bb7 11.Bd3 Qc8 12.Na4 axb4 13.axb4 Ba6 14.O-O Qb7 15.cxb6 Bxb4 16.Bxa6 Rxa6
17.Qb3 Be7 18.Ne5 Rfa8 19.Nxd7 Nxd7 20.Bc7 Ra5 21.Rfc1 Bd8 22.Bxd8 Rxd8 23.Qc3 Rb5
24.Nc5 Nxc5 25.dxc5 Ra8 26.Qe5 Re8 27.Ra7 Qc8 28.Qc7 Qxc7 29.Rxc7 g6 30.Rxc6 Ra8
31.Rc7 Kg7 32.b7 Ra2 33.c6  1-0

[Event "IFPX Categoria A"]
[Site "Sao Paulo BRA"]
[Date "2010.02.20"]
[Round "2"]
[White "Da Silva,E"]
[Black "D'Israel,D"]
[Result "0-1"]
[WhiteElo "1913"]
[BlackElo "2240"]

1.d4 Nf6 2.c4 e6 3.Nc3 d5 4.Nf3 Be7 5.Bf4 O-O 6.e3 dxc4 7.Bxc4 a6 8.O-O b5
9.Bd3 c5 10.Qe2 Nbd7 11.Rfd1 cxd4 12.exd4 Bb7 13.Rac1 Rc8 14.Ne5 Nb6 15.Bg3 b4
16.Ne4 Rxc1 17.Rxc1 Qxd4 18.Nf3 Qd5 19.Nxf6+ Bxf6 20.b3 a5 21.Rd1 Qh5 22.Be4 Bxe4
23.Qxe4 Nd5 24.Qc4 h6 25.Qb5 Qf5 26.Qxa5 Qc2 27.Re1 Bc3 28.Rf1 Qe2 29.h3 Rc8
30.a3 bxa3 31.Qxa3 Bb2 32.Qa4 Nc3 33.Qd7 Qa6 34.Re1 Ra8 35.Ne5 Rf8 36.Nc4 Ba1
37.Bd6 Ra8 38.Re3 Nd5 39.Rf3 Nf6 40.Qc7 Bd4 41.Be5 Rc8 42.Qd6 Qa1+ 43.Kh2 Rxc4
44.Qb8+ Kh7  0-1

[Event "18th Fajr Open"]
[Site "Mashhad IRI"]
[Date "2010.02.23"]
[Round "6"]
[White "Mirzoev,A"]
[Black "Poghosyan,S"]
[Result "1-0"]
[WhiteElo "2594"]
[BlackElo "2257"]

1.d4 Nf6 2.c4 e6 3.Nf3 d5 4.Nc3 Be7 5.Bf4 O-O 6.e3 c5 7.dxc5 Bxc5 8.a3 Nc6
9.Qc2 Qa5 10.Nd2 Bb4 11.Rc1 Bxc3 12.Qxc3 Qxc3 13.Rxc3 e5 14.Bg5 d4 15.Rc1 Be6
16.Bxf6 gxf6 17.c5 Rfd8 18.Bb5 f5 19.e4 Rac8 20.f3 Rc7 21.Kf2 Ne7 22.Bd3 fxe4
23.fxe4 f5 24.Nf3 fxe4 25.Bxe4 Bd5 26.Rhe1 Nc6 27.b4 a6 28.Nd2 Rf7+ 29.Kg1 Re7
30.g3 Kg7 31.Kf2 Rf7+ 32.Kg1 h6 33.Rf1 Bxe4 34.Nxe4 Rdf8 35.Rxf7+ Rxf7 36.Kg2 Nd8
37.Re1 Rf8 38.Nd6 Kf6 39.Rf1+ Kg7 40.Rxf8 Kxf8 41.Kf3 Kg7 42.g4 Kf6 43.h4 Ke6
44.Ke4 b6 45.g5 hxg5 46.hxg5 bxc5 47.bxc5 Nc6 48.Nc4 d3 49.Kxd3 Kd5 50.Ne3+ Kxc5
51.Ke4 Kd6 52.Kf5 Ne7+ 53.Kf6 e4 54.Nc4+ Kd7 55.Ke5 Nc6+ 56.Kxe4 Ke6 57.a4 Ne7
58.Ne3 Nc6 59.Nd5 a5 60.Nf4+ Kd6 61.Kf5 Ne5 62.Kf6 Ng4+ 63.Kf7 Ke5 64.Nd3+ Kd4
65.Nc1 Kc4 66.Ke6 Kb4 67.Kf5 Ne3+ 68.Ke4 Ng4 69.Kf4 Nf2 70.g6  1-0

[Event "Reykjavik Open"]
[Site "Reykjavik ISL"]
[Date "2010.02.24"]
[Round "1"]
[White "Einarsson,H"]
[Black "Kjartansson,Dag"]
[Result "1-0"]
[WhiteElo "2260"]
[BlackElo "1485"]

1.d4 e6 2.c4 Nf6 3.Nf3 Be7 4.Nc3 d5 5.Bf4 O-O 6.e3 Bb4 7.Bd3 Nbd7 8.Qc2 dxc4
9.Bxc4 Nb6 10.Bd3 Nbd5 11.Bg3 b6 12.e4 Nxc3 13.bxc3 Ba5 14.O-O h6 15.Bh4 g5
16.Nxg5 hxg5 17.Bxg5 Bb7 18.f3 c5 19.e5 cxd4 20.Bxf6  1-0

[Event "Reykjavik Open"]
[Site "Reykjavik ISL"]
[Date "2010.02.24"]
[Round "1"]
[White "Thorfinnsson,Br"]
[Black "Benediktsson,F"]
[Result "1-0"]
[WhiteElo "2398"]
[BlackElo "1930"]

1.d4 Nf6 2.c4 e6 3.Nc3 d5 4.Nf3 Be7 5.Bf4 c6 6.e3 Nbd7 7.h3 a6 8.c5 b5 9.b4 a5
10.a3 Ne4 11.Nxe4 dxe4 12.Nd2 f5 13.Nb3 a4 14.Na5 Rxa5 15.bxa5 Qxa5+ 16.Qd2 Qxd2+
17.Kxd2 Bd8 18.Bd6 Kf7 19.Be2 Nf6 20.g4 Bd7 21.Rag1 Nd5 22.Be5 Bf6 23.Bxf6 Kxf6
24.f3 exf3 25.Bxf3 Ne7 26.e4 g6 27.h4 e5 28.exf5 gxf5 29.dxe5+ Kxe5 30.Re1+ Kf6
31.g5+ Kf7 32.h5 Rd8 33.Kc3 Be8 34.Re5 Nd5+ 35.Bxd5+ Rxd5 36.Rxd5 cxd5 37.Kd4 Bc6
38.Rf1  1-0

[Event "ch-IND National Teams"]
[Site "Gurgaon IND"]
[Date "2010.02.26"]
[Round "8"]
[White "Debasish,M"]
[Black "Ameer,P"]
[Result "1-0"]
[WhiteElo "2210"]
[BlackElo "1958"]

1.c4 e6 2.Nc3 d5 3.d4 Nf6 4.Nf3 Be7 5.Bf4 O-O 6.e3 c5 7.dxc5 Bxc5 8.Qc2 Nc6
9.Rd1 Qa5 10.Nd2 Be7 11.Nb3 Qb6 12.a3 e5 13.Bg3 d4 14.c5 Qd8 15.exd4 Nxd4
16.Nxd4 exd4 17.Nb5 Bg4 18.f3 Bd7 19.Rxd4 a6 20.Nd6 Qa5+ 21.Kf2 Bxd6 22.Bxd6 Rfe8
23.Bc4 Be6 24.Bxe6 Rxe6 25.Qd2 Qb5 26.Rb4 Qa5 27.Rd1 b5 28.cxb6 Rae8 29.b7 Nd7
30.b8=Q Nxb8 31.Rxb8 Rxb8 32.Qxa5  1-0

[Event "Reykjavik Open"]
[Site "Reykjavik ISL"]
[Date "2010.02.28"]
[Round "6"]
[White "Einarsson,H"]
[Black "Leifsson,T"]
[Result "1-0"]
[WhiteElo "2260"]
[BlackElo "1821"]

1.d4 d5 2.c4 e6 3.Nc3 Nf6 4.Nf3 Be7 5.Bf4 c6 6.e3 O-O 7.Qc2 Nbd7 8.h3 Re8
9.Bd3 Nf8 10.O-O dxc4 11.Bxc4 Nd5 12.Be5 Bd6 13.Rfd1 Nxc3 14.bxc3 Qc7 15.a4 Bxe5
16.Nxe5 Ng6 17.f4 Nxe5 18.fxe5 Bd7 19.Qe4 Qd8 20.Bd3 g6 21.Rf1 Rc8 22.Rf6 Kg7
23.h4  1-0

[Event "TCh-NED 2009-10"]
[Site "Netherlands NED"]
[Date "2010.03.06"]
[Round "7"]
[White "Wiersma,E"]
[Black "Verhoeven,T"]
[Result "1-0"]
[WhiteElo "2411"]
[BlackElo "2205"]

1.d4 d5 2.c4 e6 3.Nf3 Nf6 4.Nc3 Be7 5.Bf4 O-O 6.e3 c5 7.cxd5 Nxd5 8.Nxd5 Qxd5
9.dxc5 Qxc5 10.Bd3 Qa5+ 11.Ke2 Nc6 12.a3 e5 13.b4 Qc7 14.Bg3 Bg4 15.Qc2 Rac8
16.Rhc1 Qb6 17.Qb1 f5 18.h3 Bxf3+ 19.gxf3 f4 20.Bh2 fxe3 21.fxe3 Bg5 22.Rc5 h6
23.Qb3+ Kh8 24.Qc4 Rcd8 25.Qe4 Rxd3 26.Qxd3 a5 27.Bxe5 Nxe5 28.Rxe5 axb4
29.axb4 Qxb4 30.Rb1 Qh4 31.Qe4 Qxh3 32.Re8 Qh2+ 33.Kd1 Qd6+ 34.Ke1 Bh4+ 35.Kf1 Bf6
36.Rxf8+ Qxf8  1-0

[Event "11th EICC Men"]
[Site "Rijeka CRO"]
[Date "2010.03.06"]
[Round "1"]
[White "Bartel,Mat"]
[Black "Lekic,D"]
[Result "1/2-1/2"]
[WhiteElo "2634"]
[BlackElo "2396"]

1.d4 Nf6 2.Nf3 d5 3.c4 e6 4.Nc3 Be7 5.Bf4 O-O 6.a3 Nbd7 7.Nb5 Ne8 8.e3 c6
9.Nc3 Nef6 10.Qc2 b6 11.cxd5 exd5 12.Bd3 Bb7 13.O-O Re8 14.Ne5 Nf8 15.Bg3 Nh5
16.e4 Nxg3 17.hxg3 Bf6 18.Nf3 g6 19.e5 Bg7 20.Ne2 Rc8 21.Nf4 Re7 22.Qa4 c5
23.Ba6 Bxa6 24.Qxa6 cxd4 25.Rfe1 Rc2 26.Nxd4 Rc4 27.Nf3 Ne6 28.Nxe6 fxe6
29.b3 Qc8 30.Qxc8+ Rxc8 31.Nd4 Kf7 32.Re3 Rd7 33.Kf1 Ke7 34.Ke2 Rdc7 35.f4 Rc3
36.g4 Rxe3+ 37.Kxe3 Rc3+ 38.Ke2 g5 39.Kd2 Rg3 40.Rc1 Kd7 41.Nb5 Kd8 42.Rc7 Bxe5
43.fxe5 a6 44.Rc6 axb5 45.Rxe6 Rxb3 46.Rxb6 Ke7 47.Rd6 Rxa3 48.Rxd5 Rb3 49.Ke2 Ke6
50.Rc5 b4  1/2-1/2

[Event "11th EICC Men"]
[Site "Rijeka CRO"]
[Date "2010.03.08"]
[Round "3"]
[White "Holzke,F"]
[Black "Sarbok,T"]
[Result "1-0"]
[WhiteElo "2526"]
[BlackElo "2319"]

1.d4 d5 2.c4 e6 3.Nc3 Nf6 4.Nf3 Be7 5.Bf4 O-O 6.e3 Nbd7 7.a3 dxc4 8.Bxc4 Nb6
9.Ba2 Nbd5 10.Nxd5 Nxd5 11.Bg3 c5 12.O-O cxd4 13.Qxd4 Qb6 14.Qxb6 Nxb6 15.Ne5 Bd7
16.Nxd7 Nxd7 17.Rfd1 Nb6 18.Be5 Rfd8 19.Kf1 Rac8 20.Bb3 Bf6 21.Rxd8+ Rxd8
22.Bxf6 gxf6 23.Ke2 Rc8 24.Rd1 Kf8 25.Rd4 Ke7 26.Kd2 h6 27.Rb4 Rd8+ 28.Kc1 Rc8+
29.Kd2 Rd8+ 30.Kc1 Rc8+ 31.Bc2 Rc7 32.Rh4 Nc4 33.Rxh6 Ne5 34.Rh4 f5 35.Kb1 Rd7
36.Kc1 Rc7 37.Kb1 Rd7 38.e4 Ng6 39.Rh3 f4 40.Rb3 Ne5 41.Kc1 b6 42.Rc3 Kd8
43.g3 f3 44.Bd1 Nd3+ 45.Kb1 Ne1 46.Bxf3 Rd2 47.Re3 Rxf2 48.Bd1 Rf1 49.Kc1 Rh1
50.Kd2 Ng2 51.Re2 Rxh2 52.e5 Ke7 53.Rf2 a5 54.Be2 Kf8 55.Bf1 Rh5 56.Bxg2 Rxe5
57.Re2 Rg5 58.Re3 Ke7 59.Ke2 Rb5 60.b3 Rc5 61.Kf2 Rc2+ 62.Kf3 f5 63.Bf1 Kf6
64.g4 Kg5 65.gxf5 exf5 66.a4 Rc1 67.Bc4 Rc2 68.Re6 Rc3+ 69.Kf2 b5 70.axb5 a4
71.Re3 Rc2+ 72.Re2 axb3 73.Bxb3 Rc5 74.Ba4 Rc4 75.Bd1 Rb4 76.Re5 Kf4 77.Rc5 Rb2+
78.Be2 Ke4 79.Rc8 f4 80.Re8+ Kf5 81.Rf8+ Ke4 82.Re8+ Kf5 83.Kg2 Rb3 84.Rb8 Rb2
85.Kf3 Rb3+ 86.Kf2 Ke5 87.Bf3 Rb2+ 88.Kg1 Kd4 89.b6 Ke3 90.Bc6  1-0

[Event "11th EICC Men"]
[Site "Rijeka CRO"]
[Date "2010.03.08"]
[Round "3"]
[White "Drazic,S"]
[Black "Morchiashvili,B"]
[Result "0-1"]
[WhiteElo "2545"]
[BlackElo "2345"]

1.d4 Nf6 2.c4 e6 3.Nf3 d5 4.Nc3 Be7 5.Bf4 c5 6.e3 cxd4 7.Nxd4 O-O 8.a3 Nc6
9.cxd5 Nxd5 10.Nxd5 Qxd5 11.Nxc6 bxc6 12.Qc2 Ba6 13.e4 Qa5+ 14.Qc3 Qa4 15.Bxa6 Qxa6
16.O-O-O Rfd8 17.Be5 Qa4 18.Rd4 Rxd4 19.Qxd4 Qb5 20.Rd1 h6 21.Bc7 Bc5 22.a4 Bxd4
23.axb5 e5 24.f4 Rc8 25.Bxe5 cxb5+ 26.Kb1 Bxe5 27.fxe5 Rc4 28.Rd8+ Kh7 29.Rd7 Rxe4
30.Rxa7 Rxe5 31.Rxf7 Re2 32.Rf5 b4 33.Ka2 Rxg2 34.h4 Rg4 35.h5 Rg5 36.Rf4 Rxh5
37.Rxb4 Ra5+ 38.Kb3 g5 39.Kc3 Kg6 40.Rb6+ Kh5 41.b4 Rd5 42.Ra6 Rd8 43.b5 g4
44.Ra1 Kh4 45.b6 h5 46.b7 Rb8 47.Rh1+ Kg3 48.Rb1 h4 49.Kd4 h3 50.Ke5 h2 51.Rb3+ Kh4
52.Rb1 g3 53.Kf4 g2 54.Rb6 Rf8+  0-1

[Event "11th EICC Women"]
[Site "Rijeka CRO"]
[Date "2010.03.09"]
[Round "4"]
[White "Kazimova,N"]
[Black "Brunello,R"]
[Result "1-0"]
[WhiteElo "2212"]
[BlackElo "2043"]

1.Nf3 d5 2.d4 Nf6 3.c4 e6 4.Nc3 Be7 5.Bf4 c5 6.cxd5 exd5 7.dxc5 Bxc5 8.e3 a6
9.Rc1 Qa5 10.a3 Nc6 11.Be2 O-O 12.O-O Ba7 13.Qd3 Rd8 14.Bg5 d4 15.Bxf6 dxe3
16.Bxd8 Nxd8 17.b4  1-0

[Event "81st ch-GER"]
[Site "Bad Liebenzell GER"]
[Date "2010.03.10"]
[Round "6"]
[White "Issing,P"]
[Black "Schloetzer,W"]
[Result "0-1"]
[WhiteElo "2291"]
[BlackElo "2293"]

1.d4 d5 2.c4 e6 3.Nc3 Nf6 4.Nf3 Be7 5.Bf4 O-O 6.e3 c5 7.dxc5 Bxc5 8.a3 Nc6
9.Qc2 Qa5 10.O-O-O dxc4 11.Bxc4 e5 12.Bg5 Be7 13.Nd2 a6 14.h4 b5 15.Bd5 Bd7
16.Nb3 Qb6 17.Bf3 Be6 18.Bxf6 Bxf6 19.Nd5 Bxd5 20.Bxd5 Rac8 21.Kb1 Nb4 22.Qf5 Nxd5
23.Rxd5 b4 24.a4 Qc6 25.Qd3 e4 26.Qxe4 Qxa4 27.Qd3 Rc3 28.bxc3 Qxb3+ 29.Kc1 Rc8
30.c4 Rxc4+  0-1

[Event "11th EICC Men"]
[Site "Rijeka CRO"]
[Date "2010.03.10"]
[Round "5"]
[White "Evdokimov,Alexa"]
[Black "Lekic,D"]
[Result "1-0"]
[WhiteElo "2564"]
[BlackElo "2396"]

1.d4 Nf6 2.c4 e6 3.Nf3 d5 4.Nc3 Be7 5.Bf4 O-O 6.e3 Nbd7 7.c5 c6 8.h3 b6 9.b4 a5
10.a3 Bb7 11.Bd3 Qc8 12.O-O Ba6 13.Bh2 Qb7 14.Qc2 Bxd3 15.Qxd3 Ra7 16.Nd2 Rfa8
17.Rab1 axb4 18.axb4 b5 19.Nb3 Bd8 20.f3 Nf8 21.e4 dxe4 22.fxe4 Ng6 23.d5 exd5
24.exd5 Nxd5 25.Nxd5 cxd5 26.Nd4 Bf6 27.Nxb5 Ra2 28.Nd6 Qc6 29.Rbc1 R8a3
30.Qb5 Qa8 31.Rfe1 Be7 32.Nf5 Qc8 33.Rxe7  1-0

[Event "11th EICC Men"]
[Site "Rijeka CRO"]
[Date "2010.03.10"]
[Round "5"]
[White "Ruck,R1"]
[Black "Schroll,G"]
[Result "1/2-1/2"]
[WhiteElo "2570"]
[BlackElo "2411"]

1.Nf3 Nf6 2.c4 e6 3.Nc3 d5 4.d4 Be7 5.Bf4 O-O 6.e3 a6 7.c5 b6 8.cxb6 cxb6
9.Bd3 Bb7 10.O-O Nbd7 11.h3 b5 12.a4 b4 13.Nb1 a5 14.Nbd2 Qb6 15.Qe2 Rfc8
16.Nb3 Ne4 17.Rfc1 Bd6 18.Bxd6 Nxd6 19.Ne5 Nxe5 20.dxe5 Nc4 21.Bxc4 dxc4
22.Rxc4 Bd5 23.Rxc8+ Rxc8 24.Nd4 Qc7 25.Qa6 g5 26.Rd1 h6 27.Qd6 Qxd6 28.exd6 Rd8
29.Rc1 Rxd6 30.Rc5 Ra6 31.f3 Kg7 32.e4 Ba8 33.Kf2 Kf6 34.Ke3 e5 35.Nb3 Bc6
36.Nxa5 Bxa4 37.b3 Bxb3 38.Rc6+ Rxc6 39.Nxc6  1/2-1/2

[Event "11th EICC Men"]
[Site "Rijeka CRO"]
[Date "2010.03.10"]
[Round "5"]
[White "Goganov,A"]
[Black "Sarbok,T"]
[Result "0-1"]
[WhiteElo "2492"]
[BlackElo "2319"]

1.d4 Nf6 2.c4 e6 3.Nf3 d5 4.Nc3 Be7 5.Bf4 O-O 6.e3 c6 7.c5 b6 8.b4 bxc5 9.bxc5 Qa5
10.Qd2 Nh5 11.Bd3 Nxf4 12.exf4 Ba6 13.Ne5 Bf6 14.O-O Bxe5 15.fxe5 Bxd3 16.Qxd3 Na6
17.f4 Rab8 18.f5 exf5 19.Rxf5 Nc7 20.Rh5 h6 21.Rf1 Ne6 22.Rh4 Rb4 23.Qe3 Rc4
24.Rf3 Ng5 25.Rg3 f5 26.exf6 Rxf6 27.h3 Re6 28.Qd2 Qc7 29.Rhg4 Rf6 30.h4 Ne6
31.Ne2 Qf7 32.Rc3 Rf1+ 33.Kh2 Qf5 34.Rgg3 Qb1 35.Rgd3 Rh1+ 36.Kg3 Qb8+ 37.Kf2 Rxc3
38.Rxc3 Rxh4 39.Rb3 Qc7 40.Qb2 Ng5 41.Rb8+ Kh7 42.Rb7 Ne4+ 43.Kf3 Qh2  0-1

[Event "11th EICC Men"]
[Site "Rijeka CRO"]
[Date "2010.03.11"]
[Round "6"]
[White "Fressinet,L"]
[Black "Aleksandrov,A"]
[Result "1-0"]
[WhiteElo "2670"]
[BlackElo "2601"]

1.d4 Nf6 2.Nf3 e6 3.c4 d5 4.Nc3 Be7 5.Bf4 O-O 6.a3 Nbd7 7.Nb5 Ne8 8.e3 Ndf6
9.Rc1 Nh5 10.Bg3 g6 11.Be2 dxc4 12.Bxc4 Nd6 13.Qe2 Bd7 14.O-O a6 15.Nc3 Rc8
16.b4 Nxc4 17.Qxc4 Qe8 18.Rfd1 f6 19.Ne4 Nxg3 20.hxg3 Qf7 21.Nc5 Bxc5 22.Qxc5 Ba4
23.Rd2 Rfd8 24.e4 g5 25.Nh2 h5 26.Nf1 Qh7 27.f3 Qd7 28.d5 Qe8 29.Ne3 Kg7
30.Qc3 exd5 31.Rxd5 Bc6 32.Rxg5+ Kh7 33.Qxf6  1-0

[Event "11th EICC Men"]
[Site "Rijeka CRO"]
[Date "2010.03.12"]
[Round "7"]
[White "Jobava,Ba"]
[Black "Riazantsev,A"]
[Result "1/2-1/2"]
[WhiteElo "2695"]
[BlackElo "2660"]

1.c4 e6 2.Nc3 d5 3.d4 Be7 4.Nf3 Nf6 5.Bf4 O-O 6.a3 dxc4 7.e3 a6 8.Bxc4 b5
9.Bd3 Bb7 10.Qc2 Nbd7 11.Rd1 h6 12.O-O c5 13.dxc5 Bxc5 14.Ne5 Rc8 15.Nxd7 Nxd7
16.Bh7+ Kh8 17.Be4 Bxe4 18.Qxe4 Qe7 19.Qf3 Nf6 20.Be5 Rfd8 21.Rxd8+ Rxd8
22.Qc6 Qa7 23.Bxf6 gxf6 24.Ne4 Be7 25.g4 Qb8 26.Rc1 Qe5 27.Qb7 Qxb2 28.Rc7 Qe2
29.Ng3 Qd1+ 30.Kg2 Bxa3 31.Qxa6 Bd6 32.Rxf7 Bxg3 33.Qa7 Bc7 34.Qxc7 Qxg4+
35.Qg3 Qe4+ 36.f3 Qc2+ 37.Kh3 Qf5+ 38.Kh4 Rg8 39.Qf4 Qxf4+ 40.exf4 Rb8  1/2-1/2

[Event "81st ch-GER"]
[Site "Bad Liebenzell GER"]
[Date "2010.03.13"]
[Round "9"]
[White "Issing,P"]
[Black "Tabatt,H"]
[Result "0-1"]
[WhiteElo "2291"]
[BlackElo "2347"]

1.d4 d5 2.c4 e6 3.Nc3 Be7 4.Nf3 Nf6 5.Bf4 a6 6.c5 Nc6 7.a3 Ne4 8.Rc1 g5 9.Bg3 h5
10.h3 Nxg3 11.fxg3 f5 12.e3 Bf6 13.Bd3 g4 14.hxg4 hxg4 15.Rxh8+ Bxh8 16.Ng1 Qg5
17.Qd2 Qh6 18.Nge2 Bd7 19.Nf4 O-O-O 20.b4 e5 21.dxe5 Nxe5 22.Nce2 Qh2 23.Qc2 d4
24.Nxd4 Qxg3+  0-1

[Event "XIV Vasconcellos Mem"]
[Site "Brasilia BRA"]
[Date "2010.03.13"]
[Round "7"]
[White "Lima,Da"]
[Black "Hobaica,J"]
[Result "1-0"]
[WhiteElo "2486"]
[BlackElo "2405"]

1.d4 Nf6 2.c4 e6 3.Nc3 d5 4.Nf3 Be7 5.Bf4 O-O 6.e3 c5 7.dxc5 Bxc5 8.cxd5 Nxd5
9.Nxd5 exd5 10.a3 Nc6 11.Bd3 Bb6 12.O-O Bg4 13.h3 Bh5 14.b4 a6 15.Rc1 d4
16.g4 Bg6 17.e4 Re8 18.Re1 Rc8 19.e5 Ne7 20.Bc4 Nd5 21.Bg5 Qd7 22.e6 fxe6
23.Ne5 Qd6 24.Bh4 Rf8 25.Nxg6 hxg6 26.Bg3 Qd7 27.Qe2 Kh7 28.Qe4 Qf7 29.Bd3 Rxc1
30.Rxc1 Nc3 31.Qe5 Kh8 32.Re1 Re8 33.Qg5 Qf6 34.Qxg6 Qxg6 35.Bxg6 Rd8 36.Rxe6 d3
37.Rxb6 d2 38.Bc2 Ne2+ 39.Kg2 Nxg3 40.Kxg3 d1=Q 41.Bxd1 Rxd1 42.f3 Ra1 43.Rxb7 Rxa3
44.h4 Rb3 45.h5 Kg8 46.g5 a5 47.b5 a4 48.g6 Kf8 49.b6 a3 50.Rf7+ Kg8 51.Ra7 Kf8
52.b7 a2 53.Rxa2 Rxb7 54.Ra8+ Ke7 55.h6  1-0

[Event "26th ChessOrg Schachfestival"]
[Site "Bad Woerishofen GER"]
[Date "2010.03.14"]
[Round "9"]
[White "Guenther,T"]
[Black "Willin,B"]
[Result "1-0"]
[WhiteElo "2104"]
[BlackElo "1982"]

1.d4 d5 2.c4 e6 3.Nc3 Nf6 4.Nf3 Be7 5.Bf4 a6 6.e3 O-O 7.cxd5 exd5 8.Bd3 Nbd7
9.Qb3 c6 10.h3 Nh5 11.Bh2 g6 12.O-O Re8 13.Rac1 Bf8 14.e4 dxe4 15.Nxe4 Ndf6
16.Nc5 b6 17.Na4 b5 18.Nc5 Be6 19.Nxe6 Rxe6 20.Ng5 Re7 21.g4 Ng7 22.Be5 Nd5
23.Rxc6 Nb4 24.Rd6 Qa5 25.Be4 Rc8 26.a3 Nc2 27.Nxf7  1-0

[Event "11th EICC Men"]
[Site "Rijeka CRO"]
[Date "2010.03.14"]
[Round "8"]
[White "Romanov,E"]
[Black "Nigalidze,G"]
[Result "1/2-1/2"]
[WhiteElo "2600"]
[BlackElo "2486"]

1.Nf3 d5 2.d4 Nf6 3.c4 e6 4.Nc3 Be7 5.Bf4 O-O 6.Qc2 dxc4 7.e4 Nc6 8.Rd1 Nb4
9.Qb1 Nd3+ 10.Bxd3 cxd3 11.Qxd3 b6 12.O-O Bb7 13.Rfe1 a6 14.Qe3 Re8 15.h3 b5
16.a3 Nd7 17.Nd2 c5 18.dxc5 e5 19.Bg3 Bxc5 20.Qf3 Qe7 21.Nb3 Nb6 22.Bh4 f6
23.Qe2 Rac8 24.Nxc5 Qxc5 25.Rc1 Qc4 26.Qe3 Qc5 27.Qd3 Red8 28.Qb1 Nc4 29.Re2 Rd2
30.Qa2 Rcd8 31.Rc2 Rxe2 32.Rxe2 g5 33.Bg3 Kg7 34.Kh2 Rd3 35.Rc2 Qd4 36.f3 Rd2
37.Qb1 Ne3 38.Rxd2 Qxd2 39.Qg1 Bc6 40.Be1 Qd3 41.Qf2 Be8 42.Na2 Qd4 43.Qe2 Bf7
44.Bf2  1/2-1/2

[Event "11th EICC Men"]
[Site "Rijeka CRO"]
[Date "2010.03.15"]
[Round "9"]
[White "Delchev,A"]
[Black "Svetushkin,D"]
[Result "1/2-1/2"]
[WhiteElo "2625"]
[BlackElo "2554"]

1.d4 Nf6 2.c4 e6 3.Nf3 d5 4.Nc3 Be7 5.Bf4 O-O 6.e3 Nbd7 7.c5 c6 8.h3 b6 9.b4 a5
10.a3 Bb7 11.Bd3 Qc8 12.O-O Ba6 13.Bxa6 Qxa6 14.Rb1 Rfc8 15.Qc2 Bd8 16.Rfc1 axb4
17.axb4 Qb7 18.Nd2 Bc7 19.Bxc7 Qxc7 20.cxb6 Nxb6 21.Ne2 Ne8 22.Ra1 Rxa1 23.Rxa1 Nd6
24.Nc1 Nbc4 25.Nd3 g6 26.Nxc4 dxc4 27.Ne5 Qb6 28.Nxc4 Qxb4 29.Ne5 Qb7 30.Rc1 Nf5
31.Qc5 Qe7 32.Nxc6 Qxc5 33.Rxc5 Ra8 34.Ra5 Rc8 35.Ra6 Rc7 36.Rb6 Ne7 37.Ne5 Kg7
38.g4 g5 39.Kg2 Ng6 40.Nxg6 Kxg6 41.d5 Kf6 42.d6 Rd7 43.f4 gxf4 44.exf4 e5
45.Kf3 exf4 46.Kxf4 h6 47.Kg3 Ke6 48.Kh4 Rxd6 49.Rxd6+ Kxd6 50.Kh5 Ke5 51.Kxh6 Kf4
52.g5 Kg3 53.Kg7 Kh4 54.Kf6 Kh5  1/2-1/2

[Event "19th Amber Blindfold"]
[Site "Nice FRA"]
[Date "2010.03.20"]
[Round "7"]
[White "Grischuk,A"]
[Black "Ivanchuk,V"]
[Result "1/2-1/2"]
[WhiteElo "2756"]
[BlackElo "2748"]

1.d4 Nf6 2.c4 e6 3.Nf3 d5 4.Nc3 Be7 5.Bf4 O-O 6.e3 c5 7.dxc5 Bxc5 8.Rc1 Nc6
9.cxd5 exd5 10.Be2 Qe7 11.O-O Rd8 12.Bg5 Be6 13.Nb5 Bb6 14.Nbd4 Rac8 15.Nxc6 Rxc6
16.Rxc6 bxc6 17.Ne5 Qc7 18.Bxf6 gxf6 19.Nf3 Bf5 20.b4 d4 21.Nxd4 Qe5 22.Bf3 Bxd4
23.exd4 Rxd4 24.Qb3 Rd3 25.Qc4 Rc3 26.Qh4 Be6 27.h3 Kg7 28.a3 Qg5 29.Qxg5+ fxg5
30.a4 Kf6 31.Rd1 Rc4 32.b5 cxb5 33.axb5 Rc5 34.Be2 Re5 35.Kf1 h6 36.Ra1 Bd7
37.Rxa7  1/2-1/2

[Event "19th Amber Rapid"]
[Site "Nice FRA"]
[Date "2010.03.24"]
[Round "10"]
[White "Kramnik,V"]
[Black "Ivanchuk,V"]
[Result "1/2-1/2"]
[WhiteElo "2790"]
[BlackElo "2748"]

1.d4 Nf6 2.c4 e6 3.Nf3 d5 4.Nc3 Be7 5.Bf4 O-O 6.e3 Nbd7 7.c5 c6 8.Bd3 b6
9.b4 a5 10.a3 Ba6 11.O-O Qc8 12.h3 Qb7 13.Rb1 axb4 14.axb4 Rfc8 15.b5 cxb5
16.Nxb5 Ne4 17.Ne5 Nxe5 18.Bxe5 bxc5 19.Qg4 Nf6 20.Bxf6 Bxf6 21.Nd6 Qc7 22.Bxa6 Qxd6
23.Bxc8 Rxc8 24.dxc5 Qxc5 25.Rb7 g6 26.Rfb1 h5 27.Qf4 Qc3 28.Qa4 Be5 29.g4 hxg4
30.hxg4 Qc4 31.R7b4 Qe2 32.Qd1 Qxd1+ 33.Rxd1 g5 34.Kg2 Kg7 35.Rb5 Rc4 36.Kf3 Kg6
37.Rd2 f5 38.gxf5+ Kxf5 39.Ra2 Rh4 40.Ra8 g4+ 41.Ke2 Rh2 42.Rf8+ Ke4 43.Rb6 g3
44.Rxe6 Rxf2+ 45.Rxf2 gxf2 46.Kxf2 d4  1/2-1/2

[Event "ch-Moscow KO"]
[Site "Moscow RUS"]
[Date "2010.03.25"]
[Round "1.3"]
[White "Rychagov,A"]
[Black "Karpov,Va"]
[Result "1-0"]
[WhiteElo "2551"]
[BlackElo "2378"]

1.d4 Nf6 2.c4 e6 3.Nc3 d5 4.Nf3 Be7 5.Bf4 O-O 6.e3 c5 7.dxc5 Na6 8.cxd5 Nxd5
9.Nxd5 exd5 10.Be2 Nxc5 11.O-O Be6 12.Be5 Rc8 13.Rc1 Bf6 14.Qd4 Bxe5 15.Nxe5 Qb6
16.h3 Nd7 17.Nf3 Qa5 18.a3 Nf6 19.Bd3 h6 20.Rfd1 Rfd8 21.Ne5 Ne8 22.Bb1 Nf6
23.Nf3 Nd7 24.Qd3 Nf6 25.Nd4 Qb6 26.Qb5 Qxb5 27.Nxb5 a6 28.Nd4 Kf8 29.Kf1 Ke7
30.Ke2 a5 31.Nb3 b6 32.Nd4 Rxc1 33.Rxc1 Rc8 34.Rd1 Bd7 35.g4 g5 36.f3 h5
37.Kf2 hxg4 38.hxg4 Rh8 39.Kg3 Ne8 40.Bf5 Be6 41.Rc1 Nd6 42.Bxe6 fxe6 43.Rc7+ Kf6
44.Rc6 Ke7 45.Rxb6 Rh1 46.b4 axb4 47.axb4 Rg1+ 48.Kf2 Rb1 49.b5 Rb2+ 50.Kg3 e5
51.Nf5+ Nxf5+ 52.gxf5 d4 53.e4 Kf7 54.Kg4 Rg2+ 55.Kh5 Rg3 56.Re6 Rxf3 57.Rxe5 d3
58.b6 d2 59.Rd5 Kf6 60.Rxd2 Rb3 61.Rd6+ Ke5 62.Re6+ Kf4 63.f6 Rh3+ 64.Kg6  1-0

[Event "TOP 16 GpB"]
[Site "Clichy FRA"]
[Date "2010.03.28"]
[Round "3"]
[White "Riazantsev,A"]
[Black "Bologan,V"]
[Result "1/2-1/2"]
[WhiteElo "2660"]
[BlackElo "2684"]

1.d4 Nf6 2.c4 e6 3.Nf3 d5 4.Nc3 Be7 5.Bf4 O-O 6.e3 Nbd7 7.c5 c6 8.h3 b6 9.b4 a5
10.a3 Bb7 11.Bd3 Qc8 12.Na4 axb4 13.axb4 Ba6 14.O-O Qb7 15.cxb6 Bxd3 16.Qxd3 Nxb6
17.Nc5 Bxc5 18.bxc5 Nc4 19.Ne5 Nxe5 20.Bxe5 Nd7 21.Bd6 Rxa1 22.Rxa1 Ra8 23.Rb1 Qc8
24.Kh2 h6 25.Rb2 Ra7 26.f3 Qa8 27.Rb3 Qc8 28.e4 Qa6 29.exd5 exd5 30.Qe3 Qc8
31.Qe7 Ra8 32.Re3 Nf8 33.Qxf8+  1/2-1/2

[Event "ch-VIE"]
[Site "Ho Chi Minh City VIE"]
[Date "2010.03.28"]
[Round "4"]
[White "Nguyen Anh Dung"]
[Black "Ton That Nhu Tung"]
[Result "1-0"]
[WhiteElo "2464"]
[BlackElo "2279"]

1.d4 d5 2.c4 e6 3.Nc3 Be7 4.Nf3 Nf6 5.Bf4 a6 6.e3 O-O 7.Rc1 c6 8.Bd3 dxc4
9.Bxc4 c5 10.a4 Nc6 11.O-O cxd4 12.exd4 Bd7 13.d5 exd5 14.Nxd5 Nxd5 15.Bxd5 Rc8
16.Re1 Be8 17.h3 Kh8 18.Qb3 Na5 19.Rxc8 Qxc8 20.Qd3 Qd8 21.Qe4 Bc6 22.Bxc6 Nxc6
23.Ne5 Na5 24.b4 f5 25.Ng6+  1-0